000 00631nam a22001817a 4500
999 _c16525
_d16525
008 160520b xxu||||| |||| 00| 0 eng d
022 _a0091-4169
082 _aDPer 364.05 J82 2015 v105 n1
100 _aKoo, Angela.
_944016
245 _aCorrectional education can make a greater impact on recidivism by supporting adult inmates with learning/
_b
_cAngela Koo.
260 _aEvanston:
_bNorthwestern University Press,
_cc2015.
300 _av105 n1, pages 233-270;
_b25 cm.
310 _aQuarterly
362 _a
500 _aThe Journal of Criminal Law and Criminology.
650 _aPrisoners.
_944011
942 _2ddc
_cPER